000 00924cam a22003254a 4500
001 52984
005 20230404130051.0
008 050413s2004 cu b 000 0 spa c
010 _a 2005413682
035 _a(OCoLC)ocm60426985
040 _aLRU
_cLRU
_dDLC
_dSTF
020 _a9591009348
020 _a9789591009340
035 _a(OCoLC)60426985
042 _apcc
043 _anwcu---
_acl-----
050 1 4 _a107 N 6603.2
_bH565o 2004
100 1 _aHerrera Ysla, Nelson,
_d1947-
245 1 0 _aOjo con el arte /
_cNelson Herrera Ysla.
260 _aLa Habana, Cuba :
_bLetras Cubanas,
_cc2004
300 _a334, [1] p. ;
_c19 cm.
490 1 _aEnsayo
504 _aIncludes bibliographical references (p. [335]).
650 0 _aArt, Cuban
_y20th century.
650 0 _aArt, Latin American.
830 0 _aEnsayo (Editorial Letras Cubanas)
942 _2lcc
_cbk
946 _aclperez
994 _aC0
_bDRFGD
999 _c10303
_d10303